00565nam a2200157 a 4500008004100000020001500041050001500056100001700071245009300088250001200181260003000193300002200223350000900245650008900254650006400343120416s1998 ||||||||||||||||| || u a0240803310 aTA 365 HAN aBallou, Glen10aHandbook for sound engineers: the new audio cyclopedia. (2nd ed.)cedited by Glen Ballou a2nd ed. aBostonbFocal Pressc1998 axx, 1506p. : ill. a0.00 aSound - Recording and reproducing - Equipment and supplies - Handbooks, manuals, etc aSound - Recording and reproducing - Handbooks, manuals, etc